Projekt SOHO

Bibliographic Details
Main Author: Vaculík, V. (Author)
Format: Article
Language:Slovak
PhysicalDescription:Obr. 1. Grafy 2.
Subjects:

MARC

LEADER 00000nab a2200000 a 4500
001 vtls000391505
003 SK-MaSNL
005 20260303134612.0
008 230217c1990 xo 0 slo
015 |a SNBRB19rr/mm-uuuuu 
035 |a CL0391629 
035 |a urn:nbn:sk:snk-ab99h 
035 |a (urnnbn)urn:nbn:sk:snk:ar-a04u0y 
035 |a (uuid)96392046-1417-4f88-aef2-6ffb96232932 
040 |a SNKBUCL  |b slo  |c SNKBUCL  |e AACR2 
041 0 |a slo 
044 |a xo  |c SK 
080 |a 523.9:629.783  |2 1981  |2 1981 
080 |a 629.783  |2 1981  |2 1981 
080 |a 520.6.05  |2 1981  |2 1981 
100 1 |a Vaculík, V.  |4 aut  |9 932448 
245 1 0 |a Projekt SOHO  |c V. Vaculík 
300 |b Obr. 1. Grafy 2. 
610 2 7 |a SOHO (družica)  |2 snkbucl  |9 1155142 
650 0 7 |a umelé družice  |2 snkbucl  |9 51067 
650 0 7 |a kozmický výskum  |2 snkbucl  |9 28861 
651 7 |a Slnko (hviezda)  |2 snkbucl  |9 56746 
655 7 |a články z novín a časopisov  |2 snkbucl  |9 267496 
773 0 |t Kozmos  |g Roč. 21, č. 2 (1990), s. 50-51 
850 |a Slovenská národná knižnica v Martine  |a MTA001 
852 |a SNK  |b KIS3GCP 
954 |a odborná, vedecká literatúra pôvodná (slovenská)  |2 lita 
958 |a RK 
958 |a OND 
958 |a EUIPO 
958 |a article27 
992 |a RBX 
999 |c 1961129  |d 1963059